<?xml version="1.0" encoding="UTF-8"?>
<record
    xmlns:xsi="http://www.w3.org/2001/XMLSchema-instance"
    xsi:schemaLocation="http://www.loc.gov/MARC21/slim http://www.loc.gov/standards/marcxml/schema/MARC21slim.xsd"
    xmlns="http://www.loc.gov/MARC21/slim">

  <leader>01618nam0a22003011  4500</leader>
  <controlfield tag="001">rc\196615</controlfield>
  <controlfield tag="005">20260407011235.0</controlfield>
  <datafield tag="035" ind1=" " ind2=" ">
    <subfield code="a">(NLR Aleph) 008748230</subfield>
  </datafield>
  <datafield tag="090" ind1=" " ind2=" ">
    <subfield code="a">9559410</subfield>
    <subfield code="c">9559410</subfield>
  </datafield>
  <datafield tag="100" ind1=" " ind2=" ">
    <subfield code="a">20030307d1991    |||y0rusy50      ca</subfield>
  </datafield>
  <datafield tag="101" ind1="0" ind2=" ">
    <subfield code="a">rus</subfield>
    <subfield code="a">spa</subfield>
  </datafield>
  <datafield tag="102" ind1=" " ind2=" ">
    <subfield code="a">RU</subfield>
  </datafield>
  <datafield tag="105" ind1=" " ind2=" ">
    <subfield code="a">a   |||||||||</subfield>
  </datafield>
  <datafield tag="200" ind1="1" ind2=" ">
    <subfield code="a">&#x422;&#x430;&#x438;&#x440; &#x421;&#x430;&#x43B;&#x430;&#x445;&#x43E;&#x432;</subfield>
    <subfield code="d">Tair Salajov</subfield>
    <subfield code="e">[&#x412;&#x44B;&#x441;&#x442;. &#x43F;&#x440;&#x43E;&#x438;&#x437;&#x432;&#x435;&#x434;&#x435;&#x43D;&#x438;&#x439;]</subfield>
    <subfield code="e">&#x41A;&#x430;&#x442;&#x430;&#x43B;&#x43E;&#x433;</subfield>
    <subfield code="f">[&#x41F;&#x435;&#x440;. &#x415;. &#x411;&#x435;&#x43B;&#x43E;&#x432;&#x43E;&#x439;</subfield>
    <subfield code="g">&#x421;&#x43E;&#x441;&#x442;. &#x428;.&#x41C;. &#x410;&#x43D;&#x430;&#x440;&#x43A;&#x443;&#x43B;&#x43E;&#x432;&#x430;</subfield>
    <subfield code="g">&#x410;&#x432;&#x442;. &#x432;&#x441;&#x442;&#x443;&#x43F;. &#x441;&#x442;. &#x42E;.&#x42D;. &#x41E;&#x441;&#x43C;&#x43E;&#x43B;&#x43E;&#x432;&#x441;&#x43A;&#x438;&#x439;]</subfield>
  </datafield>
  <datafield tag="210" ind1=" " ind2=" ">
    <subfield code="a">&#x41C;.</subfield>
    <subfield code="c">&#x421;&#x43E;&#x432;. &#x445;&#x443;&#x434;&#x43E;&#x436;&#x43D;&#x438;&#x43A;</subfield>
    <subfield code="a">&#x41C;&#x435;&#x445;&#x438;&#x43A;&#x43E;</subfield>
    <subfield code="c">&#x411;. &#x438;.</subfield>
    <subfield code="d">1991</subfield>
  </datafield>
  <datafield tag="215" ind1=" " ind2=" ">
    <subfield code="a">[69] &#x441;.</subfield>
    <subfield code="c">&#x438;&#x43B;., &#x446;&#x432;. &#x438;&#x43B;.</subfield>
    <subfield code="d">29</subfield>
  </datafield>
  <datafield tag="300" ind1=" " ind2=" ">
    <subfield code="a">&#x412; &#x43D;&#x430;&#x434;&#x437;&#x430;&#x433;.: &#x41C;-&#x432;&#x43E; &#x438;&#x43D;&#x43E;&#x441;&#x442;&#x440;. &#x434;&#x435;&#x43B; &#x41C;&#x435;&#x43A;&#x441;&#x438;&#x43A;&#x438;, &#x41F;&#x43E;&#x441;&#x43E;&#x43B;&#x44C;&#x441;&#x442;&#x432;&#x43E; &#x41C;&#x435;&#x43A;&#x441;&#x438;&#x43A;&#x438; &#x432; &#x421;&#x421;&#x421;&#x420;, &#x41D;&#x430;&#x446;. &#x441;&#x43E;&#x432;&#x435;&#x442; &#x43F;&#x43E; &#x43A;&#x443;&#x43B;&#x44C;&#x442;&#x443;&#x440;&#x435; &#x438; &#x438;&#x441;&#x43A;&#x443;&#x441;&#x442;&#x432;&#x443; &#x41C;&#x435;&#x43A;&#x441;&#x438;&#x43A;&#x438;, &#x43D;&#x430;&#x446;. &#x438;&#x43D;-&#x442; &#x438;&#x437;&#x44F;&#x449;. &#x438;&#x441;&#x43A;&#x443;&#x441;&#x441;&#x442;&#x432;, &#x41C;&#x443;&#x437;&#x435;&#x439; &#x414;&#x438;&#x435;&#x433;&#x43E; &#x420;&#x438;&#x432;&#x435;&#x440;&#x44B;, &#x421;&#x43E;&#x44E;&#x437; &#x445;&#x443;&#x434;&#x43E;&#x436;&#x43D;&#x438;&#x43A;&#x43E;&#x432; &#x421;&#x421;&#x421;&#x420;, &#x41F;&#x43E;&#x441;&#x43E;&#x43B;&#x44C;&#x441;&#x442;&#x432;&#x43E; &#x421;&#x421;&#x421;&#x420; &#x432; &#x41C;&#x435;&#x43A;&#x441;&#x438;&#x43A;&#x435;</subfield>
  </datafield>
  <datafield tag="300" ind1=" " ind2=" ">
    <subfield code="a">&#x422;&#x435;&#x43A;&#x441;&#x442; &#x43F;&#x430;&#x440;&#x430;&#x43B;. &#x43D;&#x430; &#x440;&#x443;&#x441;. &#x438; &#x438;&#x441;&#x43F;. &#x44F;&#x437;.</subfield>
  </datafield>
  <datafield tag="510" ind1="0" ind2=" ">
    <subfield code="a">Tair Salajov</subfield>
  </datafield>
  <datafield tag="600" ind1=" " ind2="1">
    <subfield code="a">&#x421;&#x430;&#x43B;&#x430;&#x445;&#x43E;&#x432;</subfield>
    <subfield code="b">&#x422;.</subfield>
    <subfield code="g">&#x422;&#x430;&#x438;&#x440;</subfield>
    <subfield code="f">1928</subfield>
    <subfield code="x">&#x412;&#x44B;&#x441;&#x442;&#x430;&#x432;&#x43A;&#x438;</subfield>
    <subfield code="y">&#x41C;&#x435;&#x445;&#x438;&#x43A;&#x43E;</subfield>
    <subfield code="z">1991</subfield>
    <subfield code="2">nlr_sh1</subfield>
  </datafield>
  <datafield tag="702" ind1=" " ind2="1">
    <subfield code="a">&#x410;&#x43D;&#x430;&#x440;&#x43A;&#x443;&#x43B;&#x43E;&#x432;&#x430;</subfield>
    <subfield code="b">&#x428;.&#x41C;.</subfield>
    <subfield code="g">&#x428;&#x430;&#x440;&#x43E;&#x444;&#x430;&#x442; &#x41C;&#x438;&#x440;&#x437;&#x43E;&#x431;&#x430;&#x431;&#x430;&#x435;&#x432;&#x43D;&#x430;</subfield>
    <subfield code="4">220</subfield>
  </datafield>
  <datafield tag="710" ind1="1" ind2="0">
    <subfield code="a">&#x421;&#x430;&#x43B;&#x430;&#x445;&#x43E;&#x432;,</subfield>
    <subfield code="g">&#x422;&#x430;&#x438;&#x440;</subfield>
    <subfield code="h">&#x412;&#x44B;&#x441;&#x442;&#x430;&#x432;&#x43A;&#x430; &#x43F;&#x440;&#x43E;&#x438;&#x437;&#x432;&#x435;&#x434;&#x435;&#x43D;&#x438;&#x439;</subfield>
    <subfield code="f">1991</subfield>
    <subfield code="e">&#x41C;&#x435;&#x445;&#x438;&#x43A;&#x43E;</subfield>
    <subfield code="3">RU\NLR\AUTH\889998541</subfield>
    <subfield code="9">494482</subfield>
  </datafield>
  <datafield tag="801" ind1=" " ind2="0">
    <subfield code="a">RU</subfield>
    <subfield code="b">NLR</subfield>
    <subfield code="g">psbo</subfield>
  </datafield>
  <datafield tag="801" ind1=" " ind2="1">
    <subfield code="a">RU</subfield>
    <subfield code="b">ELAR</subfield>
    <subfield code="2">rusmarc</subfield>
  </datafield>
  <datafield tag="801" ind1=" " ind2="2">
    <subfield code="a">RU</subfield>
    <subfield code="b">NLR</subfield>
    <subfield code="c">20050408</subfield>
    <subfield code="2">rusmarc</subfield>
  </datafield>
  <datafield tag="852" ind1=" " ind2=" ">
    <subfield code="a">NLR</subfield>
    <subfield code="b">&#x42D;</subfield>
    <subfield code="j">&#x41A;&#x41F;/&#x421;160</subfield>
  </datafield>
  <datafield tag="942" ind1=" " ind2=" ">
    <subfield code="c">BOOK</subfield>
  </datafield>
  <datafield tag="980" ind1=" " ind2=" ">
    <subfield code="a">NB</subfield>
  </datafield>
  <datafield tag="995" ind1=" " ind2=" ">
    <subfield code="5">2013-10-26</subfield>
    <subfield code="b">NLR02</subfield>
    <subfield code="c">NLR02</subfield>
    <subfield code="e">EST</subfield>
    <subfield code="f">8748230-10</subfield>
    <subfield code="k">&#x42D; &#x41A;&#x41F;/&#x421;160</subfield>
    <subfield code="o">0</subfield>
    <subfield code="r">BOOK</subfield>
    <subfield code="s">_160</subfield>
  </datafield>
</record>
